000
00218nam a2200085Ia 4500
008
120527s9999 xx 000 0 und d
100
_a
Johnson & Roberts
245
_a
Text bank to accompany money and banking
942
_c
BK
999
_c
27268
_d
27268